| 000 | 00604nam a2200181 i 4500 | ||
|---|---|---|---|
| 001 | 38260 | ||
| 003 | ES-MaACL | ||
| 005 | 20230906155727.0 | ||
| 007 | t| | ||
| 008 | 030225s1966 sp ||||1| cat d | ||
| 245 | 0 | 0 |
_aCalella de Palafrugell i les havaneres / _cdibuix i text de Joan Pericot ; música y lletre recollides per Frederic Sirés i Ernest Morató. |
| 260 |
_a[Palafrugell : _bPortbó, _c1966] |
||
| 300 |
_a206 p. : _bil. ; _c30 cm. |
||
| 700 | 1 |
_aPericot, Joan. _991261 |
|
| 700 | 1 |
_aSirés, Frederic. _9106675 |
|
| 700 | 1 |
_aMorató, Ernest. _983161 |
|
| 852 |
_aES-MaACL _jC-35735 _bR.65987 |
||
| 999 |
_c38260 _d38260 |
||